[Event "ARG-ch sf 98th"]
[Site "Buenos Aires"]
[Date "2023.04.29"]
[Round "1"]
[White "Isaac, Cristian"]
[Black "Jabie, Rafael"]
[Result "0-1"]
[WhiteElo "1318"]
[BlackElo "2029"]
[PlyCount "122"]
[EventDate "2023.04.29"]
[EventType "swiss"]
[EventRounds "9"]
[EventCountry "ARG"]
[SourceTitle "CBM 214 Extra"]
[Source "ChessBase"]
[SourceDate "2023.07.31"]
[SourceVersion "1"]
[SourceVersionDate "2023.07.31"]
[SourceQuality "1"]

1. e4 g6 2. d4 c6 3. Nc3 d5 4. Bd3 Bg7 5. Be3 Nf6 6. h3 Qa5 7. Qd2 dxe4 8. Nxe4 Qxd2+ 9. Nxd2 Nd5 10. 0-0-0 Nxe3 11. fxe3 0-0 12. Ngf3 Nd7 13. Rdf1 e5 14. Bc4 Bh6 15. Re1 Kg7 16. dxe5 b5 17. Bb3 Nc5 18. Nd4 Bd7 19. Kb1 a5 20. a3 Rfe8 21. N4f3 Kg8 22. Rhf1 Re7 23. g4 Be8 24. g5 Bg7 25. h4 Bxe5 26. Nxe5 Rxe5 27. Rf4 Ra7 28. Nf3 Re4 29. Nd2 Ree7 30. e4 Rad7 31. Nf3 Nxb3 32. cxb3 Rd6 33. Rf6 Rxf6 34. gxf6 Rd7 35. e5 Rd3 36. Ng5 Bd7 37. Kc1 h6 38. Ne4 Rd5 39. Nc3 Rc5 40. b4 axb4 41. axb4 Rc4 42. Re4 Be6 43. Rxc4 Bxc4 44. Kd2 Kh7 45. Ke3 g5 46. hxg5 hxg5 47. Ne4 Kg6 48. Ng3 Bd5 49. Kd4 g4 50. Ke3 Kg5 51. Ne4+ Kf5 52. Nf2 g3 53. Nd3 g2 54. Kf2 Be4 55. e6 Kxe6 56. Nc5+ Kf5 57. Nxe4 Kxe4 58. Kxg2 Kf5 59. Kf2 Kxf6 60. b3 Kf5 61. Kf3 Ke5 0-1

[Event "ARG-ch Seniors 50"]
[Site "Buenos Aires"]
[Date "2021.12.09"]
[Round "2"]
[White "Jabie, Rafael"]
[Black "Romero, Fabian"]
[Result "0-1"]
[WhiteElo "2062"]
[BlackElo "1861"]
[PlyCount "87"]
[EventDate "2021.12.08"]
[EventType "swiss"]
[EventRounds "7"]
[EventCountry "ARG"]
[SourceTitle "CBM 205 Extra"]
[Source "ChessBase"]
[SourceDate "2022.01.31"]
[SourceVersion "1"]
[SourceVersionDate "2022.01.31"]
[SourceQuality "1"]

1. g3 d5 2. Bg2 Nf6 3. d3 e5 4. d4 exd4 5. Qxd4 Nc6 6. Qd1 Bc5 7. Nh3 0-0 8. 0-0 h6 9. Nf4 Ne7 10. Nc3 c6 11. e4 Bg4 12. Bf3 Bxf3 13. Qxf3 dxe4 14. Nxe4 Nxe4 15. Qxe4 Qb6 16. Nd3 Ng6 17. Nxc5 Qxc5 18. Be3 Qh5 19. Kg2 Rae8 20. Qf3 Qb5 21. b3 Ne5 22. c4 Qa5 23. Qf5 b6 24. Qc2 c5 25. Rad1 Qa6 26. h3 Qb7+ 27. Rd5 Nc6 28. Rfd1 Nb4 29. Qf5 Nxd5 30. cxd5 Rd8 31. Kh2 Qd7 32. Qf3 Rfe8 33. h4 Re5 34. d6 Re6 35. Bf4 f6 36. h5 Qf7 37. g4 f5 38. g5 hxg5 39. Bxg5 Rdxd6 40. Rg1 Re4 41. Kh3 Qd5 42. Rg3 Rb4 43. Qxd5+ Rxd5 44. f3 0-1

[Event "Concepcion del Uruguay op"]
[Site "Concepcion del Uruguay"]
[Date "2019.05.05"]
[Round "6"]
[White "Campos, Maria Jose"]
[Black "Jabie, Rafael"]
[Result "1-0"]
[WhiteElo "2012"]
[BlackElo "2126"]
[PlyCount "83"]
[EventDate "2019.05.03"]
[EventType "swiss"]
[EventRounds "6"]
[EventCountry "ARG"]
[SourceTitle "CBM 190 Extra"]
[Source "ChessBase"]
[SourceDate "2019.07.15"]
[SourceVersion "1"]
[SourceVersionDate "2019.07.15"]
[SourceQuality "1"]

1. c4 g6 2. g3 Bg7 3. Bg2 Nc6 4. Nc3 d6 5. e4 e5 6. d3 h6 7. Nge2 Nge7 8. 0-0 0-0 9. Be3 Nd4 10. Qd2 Kh7 11. f4 f5 12. Rae1 c6 13. Kh1 Be6 14. b3 Qd7 15. Bf2 Rae8 16. exf5 gxf5 17. Kg1 Ng6 18. b4 a6 19. a4 Ra8 20. a5 Rad8 21. Na4 Rde8 22. Nb6 Qc7 23. Nxd4 exd4 24. Re2 Bf7 25. Rfe1 Rxe2 26. Rxe2 Re8 27. Rxe8 Bxe8 28. Qe2 Bf7 29. Qb2 c5 30. b5 axb5 31. Qxb5 Be6 32. Na8 Qd8 33. Bxb7 Bd7 34. Qb6 Qe7 35. Bf3 Ba4 36. Qc7 Bc2 37. Qxe7 Nxe7 38. Nb6 Bxd3 39. a6 Be4 40. Bxe4 fxe4 41. a7 d3 42. a8Q 1-0

[Event "Concepcion del Uruguay op"]
[Site "Concepcion del Uruguay"]
[Date "2019.05.04"]
[Round "4"]
[White "Brito, Pablo"]
[Black "Jabie, Rafael"]
[Result "0-1"]
[WhiteElo "1557"]
[BlackElo "2126"]
[PlyCount "77"]
[EventDate "2019.05.03"]
[EventType "swiss"]
[EventRounds "6"]
[EventCountry "ARG"]
[SourceTitle "CBM 190 Extra"]
[Source "ChessBase"]
[SourceDate "2019.07.15"]
[SourceVersion "1"]
[SourceVersionDate "2019.07.15"]
[SourceQuality "1"]

1. e4 g6 2. Bc4 Bg7 3. Nc3 Nc6 4. a4 Nf6 5. f4 Nxe4 6. Bxf7+ Kxf7 7. Nxe4 Rf8 8. c3 d5 9. Ng5+ Kg8 10. d4 Na5 11. N5f3 h6 12. Nh3 Bxh3 13. gxh3 Qd7 14. Rg1 Qxh3 15. Rxg6 Nc4 16. Qe2 Kh7 17. Rg3 Qf5 18. b3 Nd6 19. Nh4 Qe4 20. Qxe4+ Nxe4 21. Rh3 e6 22. Ke2 c5 23. Ba3 Rxf4 24. dxc5 Bxc3 25. Rg1 Bd4 26. Rg2 Nf2 27. Rxf2 Rxf2+ 28. Kd3 Bf6 29. Nf3 Rg8 30. Bc1 Rg6 31. Nd4 Be5 32. Nf3 Bf6 33. Be3 Rb2 34. Nd2 e5 35. Ke2 d4 36. Bf2 Rg2 37. Kf1 Rxf2+ 38. Kxf2 Rxd2+ 39. Ke1 0-1

[Event "Buenos Aires-ch qual"]
[Site "Buenos Aires"]
[Date "2006.03.24"]
[Round "4.34"]
[White "Jabie, Rafael"]
[Black "Elias, Leonardo"]
[Result "0-1"]
[WhiteElo "2215"]
[BlackElo "2069"]
[PlyCount "104"]
[EventDate "2006.03.21"]
[EventType "swiss"]
[EventRounds "9"]
[EventCountry "ARG"]
[SourceTitle "CBM 111 Extra"]
[Source "ChessBase"]
[SourceDate "2006.05.09"]
[SourceVersion "1"]
[SourceVersionDate "2006.05.09"]
[SourceQuality "1"]

1. e4 c5 2. Nc3 Nc6 3. g3 g6 4. Bg2 Bg7 5. d3 d6 6. f4 e5 7. Be3 Nge7 8. Qd2 0-0 9. Nf3 Nd4 10. 0-0 Rb8 11. Nd1 Nec6 12. Nh4 exf4 13. Bxf4 Ne6 14. Bh6 Ne5 15. Bxg7 Kxg7 16. Ne3 b5 17. Bh3 b4 18. Kg2 Bb7 19. Kg1 a5 20. Rf2 Ng5 21. Bg2 f6 22. Raf1 h5 23. Rd1 Ba6 24. Nd5 c4 25. d4 Ng4 26. Rf4 Ne6 27. h3 Nh6 28. Rf2 Bb7 29. Ne3 Rc8 30. c3 Ng5 31. Qc2 b3 32. axb3 cxb3 33. Qxb3 Bxe4 34. Bxe4 Nxe4 35. Qb7+ Nf7 36. Qxe4 f5 37. Nexf5+ gxf5 38. Nxf5+ Kh8 39. Qh4 Qg5 40. Qxg5 Nxg5 41. Kg2 Rb8 42. Rdf1 Ne4 43. Re2 d5 44. g4 Rb6 45. gxh5 Rfb8 46. Ra1 Rxb2 47. Ra2 Rxe2+ 48. Rxe2 a4 49. Ng3 Nxc3 50. Rc2 Nb1 51. Ne2 Rb4 52. Kg3 a3 0-1